BIOLOGI : contoh jawapan biologi SPM

Bibliographic Details
Format: Book
Published: Kuala Lumpur : Pustaka Sistem Pelajaran , 1986
Subjects:

MARC

LEADER 00000cam a2200000 7i4500
001 0000000571
002 000000660
005 20000330.0
020 |a T000000152 
090 0 0 |a 574   |b BIO 
245 0 0 |a BIOLOGI :   |b contoh jawapan biologi SPM 
260 |a Kuala Lumpur :   |b Pustaka Sistem Pelajaran ,   |c 1986 
300 |a 192p 
650 0 0 |a Biology 
999 |a 8753   |b BUKU   |c PINJAMAN   |e PERPUSTAKAAN KOMUNITI PETALING JAYA